000 00510nam a2200157 a 4500
005 20140412111259.0
008 010418s19uu xx 00 eng d
020 _a971-121-143-2
050 _aM 639.3
_bM67 1997
100 _aMorley, Christine
245 _aMe and my pet: fish :
_bhow to be the perfect pet owner /
_cChristine Morley and Carole Orbell; illustrations by Brita Granstrom.
260 _aLondon :
_bTwo-Can Publishing Ltd,
_c1997.
300 _a29 p. ; ill.
650 _aPets
999 _c103310
_d103310